Harry Potter: la Montre de Fabian Prewett - Statistiques

Statistiques générales
  • Ce quiz a été pris 40 fois
  • Le résultat moyen est 6 sur 6
Statistiques - réponses
Information Réponses % Correct
Première apparition Harry Potter et les Reliques de la Mort
97%
Dernière apparition Harry Potter et les Reliques de la Mort
97%
Propriétaire Molly Weasley
94%
Age auquel il l'a eue 17 ans
92%
Propriétaire Fabian Prewett
92%
Propriétaire Harry Potter
89%
Aucun quiz correspondant
Distribution des résultats
% des personnes avec chaque résultat
Percentile par nombre de réponses
Votre historique - résultats
Vous n’avez pas pris ce quiz